00939nam a2200181 45000010003000000050017000030080041000200200015000610350003000760410007000791000023000862450183001092600053002923000011003455040029003565200332003857000040007172820230411085952.0060907n1997 dr spa  a9803171232  aES aCunill Grau, Nuria1 aRepensando lo público a través de la sociedad :bnuevas formas de gestión pública y representación social /cNuria Cunill Grau; Prólogo de Luiz Carlos Bresser Pereira aCaracas :bEditorial Nueva Sociedad,c1997  a320 p. aBibliografía p. 309-20 aLo público y las relaciones Estado/sociedad, 23. -- Representación y participación ciudadana y su virtualidad para la construcción de espacios públicos, 71. -- La "publificación" de la administración pública, 197. -- A modo de síntesis : Articulaciones posibles entre lo público, lo social y lo estatal, 297 aBresser Pereira, Luiz Carlos, Prol.